000 00390nam a2200145Ia 4500
008 230312s9999||||xx |||||||||||||| ||und||
082 _a330
_bHAG-E
100 _aEverett E. Hagen
245 0 _aEconomics of Development
260 _bRichard D . IRWIN,INC.
_aGeorgetown
_c1980
300 _a412
546 _aEng.
650 _aEconomics
_vIntroduction, Development Theories
942 _cBK
999 _c2492
_d2492